00257nam a22001097a 4500020001900000040000900019082001300028100001800041245002000059260004800079650002000127 a97881731944436 cNust a514bPAL aN. Planiappan aFuzzy Topology  aNew Delhi:bNarosa Publishing House,c2002. aFuzzy Topology